[Event "2020 Gustafson Memorial, S02084"]
[Site "CCLA"]
[Date "2020.10.24"]
[Round "?"]
[White "McLaughlin, Ed"]
[Black "Mann, Wallace"]
[Result "1-0"]
[WhiteElo "1598"]
[BlackElo "1705"]

1. d4 d5 2. e3 Nf6 3. Bd3 c5 4. c3 Nc6 5. f4 g6 6. Nd2 Bg7 7. Ngf3 O-O 8. 
O-O Qc7 9. Ne5 Bf5 10. Bxf5 gxf5 11. Rf3 e6 12. Qe1 Nxe5 13. dxe5 Ng4 14. 
Qh4 f6 15. Rh3 Nh6 16. Nf3 fxe5 17. Nxe5 Rf6 18. Bd2 Rg6 19. Nxg6 hxg6 20.
 Qg5 Kh7 21. Rf1 Qd8 22. Be1 Qf8 23. Bh4 Ng4 24. Qe7 Kg8 25. Qxe6+ Qf7 26.
 Qxf7+ Kxf7 27. Be1 Nf6 28. Rh4 Ne4 29. g4 Re8 30. Kg2 Re6 31. Kf3 Ra6 32.
 a3 Rb6 33. b4 c4 34. gxf5 gxf5 35. Rg1 Rg6 36. Rxg6 Kxg6 37. Rh3 b5 38. 
Ke2 1-0

[Event "2020 Gustafson Memorial, S02084"]
[Site "CCLA"]
[Date "2020.10.24"]
[Round "?"]
[White "Kleine, Larry"]
[Black "McLaughlin, Ed"]
[Result "1-0"]
[WhiteElo "1674"]
[BlackElo "1598"]

1. d4 f5 2. Nc3 Nf6 3. Bg5 e6 4. e4 Be7 5. exf5 exf5 6. Bc4 c6 7. Qe2 Kf8 
8. Nf3 d5 9. Bd3 Ne4 10. Bf4 Be6 11. Ne5 Qa5 12. O-O Nxc3 13. bxc3 Qxc3 
14. Ng6+ hxg6 15. Qxe6 Na6 16. Rfe1 Qa3 17. Bxa6 bxa6 18. Rab1 Rh4 19. Rb3
Qxb3 20. Qxe7+ Kg8 21. Be5 Rh7 22. axb3 1-0

[Event "2020 Gustafson Memorial, S02084"]
[Site "CCLA"]
[Date "2020.10.24"]
[Round "?"]
[White "Kleine, Larry"]
[Black "Smiley, William R."]
[Result "1-0"]
[WhiteElo "1674"]
[BlackElo "1548"]

1. d4 d5 2. c4 dxc4 3. Nf3 b5 4. a4 c6 5. e3 e6 6. axb5 cxb5 7. b3 Bb4+ 8.
 Bd2 Bxd2+ 9. Nbxd2 a5 10. bxc4 b4 11. Ne5 Nf6 12. Qa4+ Bd7 13. Nxd7 Qxd7 
14. Be2 Qxa4 15. Rxa4 Nc6 16. Bf3 Kd7 17. Nb3 Rhb8 18. Nxa5 Nxa5 19. Bxa8 
Rxa8 20. O-O b3 21. Rb1 Ne4 22. Rxb3 Nd2 23. Rb5 Ndxc4 24. g3 Rc8 25. 
Rbxa5 Nxa5 26. Rxa5 Rc7 27. h4 f5 28. Kg2 Ke7 29. Ra6 Rd7 30. Kf3 h5 31. 
Kf4 Kf6 32. Ra2 g6 33. Ra8 Rd6 34. Ra7 Rd8 35. f3 Rd6 36. Ra4 Rd5 37. e4 
Rd7 38. d5 exd5 39. Rd4 Ke6 40. exd5+ Kf6 41. d6 Ke6 42. Kg5 Kf7 43. g4 
fxg4 44. fxg4 hxg4 45. Kxg4 Kf6 46. Rd1 1-0

[Event "2020 Gustafson Memorial, S02084"]
[Site "CCLA"]
[Date "2020.10.24"]
[Round "?"]
[White "Kleine, Larry"]
[Black "Mann, Wallace"]
[Result "0-1"]
[WhiteElo "1674"]
[BlackElo "1705"]

1. d4 d5 2. c4 dxc4 3. Nf3 c6 4. e3 Be6 5. a4 Nf6 6. Nc3 g6 7. e4 Bg7 8. 
Ng5 Qd7 9. Nxe6 Qxe6 10. Qe2 Na6 11. Qxc4 Qxc4 12. Bxc4 Nb4 13. Bb3 c5 14.
 dxc5 Nd7 15. O-O Nxc5 16. Ra3 e6 17. f3 Bd4+ 18. Kh1 Ncd3 19. Nb5 Be5 20.
 Nc3 Rc8 0-1

[Event "2020 Gustafson Memorial, S02084"]
[Site "CCLA"]
[Date "2020.10.24"]
[Round "?"]
[White "Smiley, William R."]
[Black "McLaughlin, Ed"]
[Result "1-0"]
[WhiteElo "1548"]
[BlackElo "1598"]

1. e4 c5 2. Nf3 a6 3. d4 cxd4 4. Nxd4 Nf6 5. Nc3 e5 6. Nf3 Bb4 7. Bd3 Qc7 
8. Bd2 b5 9. O-O Bb7 10. Re1 O-O 11. Ne2 Bc5 12. Ng3 Ng4 13. Re2 Qb6 14. 
Qe1 Nc6 15. h3 Nf6 16. c3 Rad8 17. Bg5 Ne7 18. Nxe5 Bd6 19. Bxf6 gxf6 20. 
Ng4 Bxg3 21. Kf1 Be5 22. g3 h5 23. Ne3 d5 24. Nf5 Ng6 25. Qd2 1-0

[Event "2020 Gustafson Memorial, S02084"]
[Site "CCLA"]
[Date "2020.10.24"]
[Round "?"]
[White "Smiley, William R."]
[Black "Kleine, Larry"]
[Result "0-1"]
[WhiteElo "1548"]
[BlackElo "1674"]

1. e4 e5 2. f4 exf4 3. Nf3 Ne7 4. d4 d5 5. Nc3 dxe4 6. Nxe4 Nd5 7. Bc4 Be7
8. O-O O-O 9. Ne5 Be6 10. Bb3 Nd7 11. Nd3 N7f6 12. Nec5 Bg4 13. Qd2 Rb8 
14. c4 Nb6 15. Ne5 Bh5 16. Qxf4 Nfd7 17. Ncd3 Be2 18. Nxf7 Qe8 19. c5 Bxf1
20. Qxf1 Rxf7 21. cxb6 axb6 22. Ne5 Nxe5 23. dxe5 Bc5+ 24. Kh1 Kf8 25. 
Bxf7 Qxf7 26. Qd1 Qf2 27. e6 Re8 0-1

[Event "2020 Gustafson Memorial, S02084"]
[Site "CCLA"]
[Date "2020.10.24"]
[Round "?"]
[White "Smiley, William R."]
[Black "Mann, Wallace"]
[Result "0-1"]
[WhiteElo "1548"]
[BlackElo "1705"]

1. e4 d5 2. exd5 Qxd5 3. Nc3 Qd6 4. d4 Nf6 5. Nf3 c6 6. Ne5 Nbd7 7. Bf4 
Nd5 8. Bg3 Nxc3 9. bxc3 Qa3 10. Kd2 e6 11. Qc1 Qa5 12. Nc4 Qd8 13. Bd3 Nb6
14. f4 Nd5 15. Qb2 c5 16. a3 Be7 17. Be4 O-O 18. Raf1 f5 19. Bd3 Nf6 20. 
Ne5 Qa5 21. Nc4 Qc7 22. h4 Rb8 23. Ne5 b5 24. Rb1 a6 25. Rhe1 Bb7 26. Kc1 
Ne4 27. Bxe4 Bxe4 28. Re2 cxd4 29. cxd4 Rfc8 30. Kd1 Bd5 31. Ra1 b4 32. a4
a5 33. Be1 h5 34. g3 Bf6 35. Rf2 Bxe5 36. fxe5 Qc6 37. Rd2 Bf3+ 38. Kc1 
Qe4 39. Bf2 Rc3 0-1

[Event "2020 Gustafson Memorial, S02084"]
[Site "CCLA"]
[Date "2020.10.24"]
[Round "?"]
[White "Mann, Wallace"]
[Black "McLaughlin, Ed"]
[Result "1-0"]
[WhiteElo "1705"]
[BlackElo "1598"]

1. e4 c5 2. b3 e5 3. Bb2 Nc6 4. Bc4 Nf6 5. Nc3 a6 6. a4 d6 7. Nge2 Bg4 8. 
O-O Be7 9. d3 Nd4 10. f4 O-O 11. Qd2 Qa5 12. Rf2 Nxe2+ 13. Rxe2 Bxe2 14. 
Qxe2 Qc7 15. fxe5 dxe5 16. a5 Bd6 17. Nd1 Qd7 18. Ne3 Bc7 19. Bc3 Kh8 20. 
Rf1 Rae8 21. Nf5 g6 22. Ne3 Qd8 23. Qe1 Kg7 24. Qa1 h5 25. Qa3 Bd6 26. Qc1
Qd7 27. Nf5+ gxf5 28. Qg5+ Kh7 29. Rxf5 1-0

[Event "2020 Gustafson Memorial, S02084"]
[Site "CCLA"]
[Date "2020.10.24"]
[Round "?"]
[White "Mann, Wallace"]
[Black "Kleine, Larry"]
[Result "1-0"]
[WhiteElo "1705"]
[BlackElo "1674"]

1. e4 e5 2. Nf3 Nc6 3. d4 exd4 4. Nxd4 Bc5 5. Be3 Qf6 6. c3 Nge7 7. Bc4 
Ne5 8. Be2 Qg6 9. O-O d6 10. f3 O-O 11. Nd2 Bb6 12. Nc4 Nxc4 13. Bxc4 Kh8 
14. Kh1 Bd7 15. Qd2 f5 16. Bd3 f4 17. Bxf4 1-0

[Event "2020 Gustafson Memorial, S02084"]
[Site "CCLA"]
[Date "2020.10.24"]
[Round "?"]
[White "Mann, Wallace"]
[Black "Smiley, William R."]
[Result "1-0"]
[WhiteElo "1705"]
[BlackElo "1548"]

1. e4 e5 2. Nf3 Nc6 3. d4 exd4 4. Nxd4 Nf6 5. Nxc6 bxc6 6. e5 Qe7 7. Qe2 
Nd5 8. c4 Ba6 9. g3 g6 10. Bg2 Bg7 11. O-O Nb6 12. Nd2 Bxe5 13. Re1 f6 14.
 b3 Nc8 15. Rb1 Kf7 16. Qf3 Qd8 17. Rxe5 Kg7 18. Re1 1-0

[Event "2020 Gustafson Memorial, S02085"]
[Site "CCLA"]
[Date "2020.10.24"]
[Round "?"]
[White "Schoenwald, Ira"]
[Black "Catania, Duane"]
[Result "0-1"]
[WhiteElo "1506"]
[BlackElo "1662"]

1. d4 e6 2. Nf3 d5 3. e3 Nf6 4. Bd3 Bd6 5. Nbd2 c5 6. b3 O-O 7. O-O Nc6 8.
 a3 e5 9. dxe5 Nxe5 10. Be2 Re8 11. Bb2 Ng6 12. c4 dxc4 13. Nxc4 Bc7 14. 
Qc2 Qe7 15. Rfd1 Bg4 16. h3 Bc8 17. Rac1 b6 18. Ncd2 Bb7 19. Nf1 Be4 20. 
Qc4 Rad8 21. Ng5 Bd5 22. Qa4 Bb8 23. Ng3 Bxg3 24. Bxf6 gxf6 25. Ne4 Qxe4 
26. Qxe4 Bxf2+ 27. Kxf2 Bxe4 28. Bb5 Rxd1 29. Rxd1 Re7 30. Bc4 Ne5 31. Bb5
Kg7 32. Kg3 Bc2 33. Rd2 Bxb3 34. Rb2 c4 35. Ba6 Rc7 36. Bb5 c3 0-1

[Event "2020 Gustafson Memorial, S02085"]
[Site "CCLA"]
[Date "2020.10.24"]
[Round "?"]
[White "Schoenwald, Ira"]
[Black "Hadley, Douglas R."]
[Result "0-1"]
[WhiteElo "1506"]
[BlackElo "1585"]

1. d4 Nf6 2. Nc3 d5 3. Bf4 a6 4. e3 e6 5. g4 c5 6. g5 Nfd7 7. Nf3 Nc6 8. 
a3 b5 9. h4 Bb7 10. h5 Nb6 11. dxc5 Bxc5 12. Ne5 Nc4 13. Nxc6 Bxc6 14. 
Bxc4 dxc4 15. Qxd8+ Rxd8 16. Rg1 Bd6 17. Bxd6 Rxd6 18. h6 Rg8 19. Rd1 
Rxd1+ 20. Nxd1 gxh6 21. f4 Be4 22. Nf2 Bxc2 23. Ng4 Ke7 24. Nxh6 Rd8 25. 
Ke2 a5 26. Ng4 Rd6 27. Rh1 b4 28. Nf6 b3 29. Nxh7 c3 30. Nf6 cxb2 31. Rh8 
Rd8 0-1

[Event "2020 Gustafson Memorial, S02085"]
[Site "CCLA"]
[Date "2020.10.24"]
[Round "?"]
[White "Schoenwald, Ira"]
[Black "Wolff, Nicholas"]
[Result "1-0"]
[WhiteElo "1506"]
[BlackElo "1540"]

1. d4 f5 2. Bf4 Nf6 3. e3 e6 4. Nf3 b6 5. a3 Bb7 6. Nc3 Be7 7. Bc4 O-O 8. 
d5 exd5 9. Nxd5 Kh8 10. Nxc7 Nc6 11. Nxa8 Qxa8 12. Ng5 Nd8 13. Bd6 Re8 14.
 Bxe7 Rxe7 15. Qd6 Re8 16. O-O-O Ne4 17. Qxd7 Rf8 18. Qxd8 Nxg5 19. Qxg5 
Bc6 20. Rd2 h6 21. Qh4 b5 22. Ba2 a5 23. Rhd1 Kh7 24. Bd5 g5 25. Bxc6 gxh4
26. Bxa8 Rxa8 27. Rd7+ Kg6 28. R1d6+ Kh5 29. h3 Rg8 30. Rf7 Kg5 31. Rd5 
Kg6 32. Rdxf5 1-0

[Event "2020 Gustafson Memorial, S02085"]
[Site "CCLA"]
[Date "2020.10.24"]
[Round "?"]
[White "Catania, Duane"]
[Black "Schoenwald, Ira"]
[Result "1-0"]
[WhiteElo "1662"]
[BlackElo "1506"]

1. e4 d6 2. d4 Nf6 3. Bd3 Nbd7 4. Nf3 e5 5. c3 Be7 6. O-O c6 7. Re1 Qc7 8.
 Nbd2 O-O 9. Nf1 Re8 10. Ng3 Nf8 11. Nf5 Bxf5 12. exf5 N8d7 13. h3 e4 14. 
Bxe4 Nxe4 15. Rxe4 d5 16. Bf4 Bd6 17. Rxe8+ Rxe8 18. Bxd6 Qxd6 19. Qd2 Nf6
20. Ne5 Ne4 21. Qf4 f6 22. Nd3 Qxf4 23. Nxf4 Ng5 24. f3 b6 25. Kf2 Nf7 26.
 Ne6 Nd6 27. g4 g6 28. Rg1 Kf7 29. Nc7 Re7 30. fxg6+ hxg6 31. Na6 Nb7 32. 
Re1 Nd8 33. Rxe7+ Kxe7 34. Ke3 Kd7 35. h4 Ke6 36. Kf4 Nf7 37. b3 g5+ 38. 
hxg5 fxg5+ 39. Kg3 Nd6 40. Nb4 Kd7 41. Nd3 a5 42. Ne5+ Kc7 43. c4 a4 44. 
cxd5 axb3 45. axb3 cxd5 46. Kf2 b5 47. Ke3 Kd8 48. f4 Ne4 49. Nf7+ Ke7 50.
 Nxg5 Nf6 51. Kf3 b4 52. f5 Nd7 53. Kf4 Kf6 54. Nf3 Nb8 55. g5+ Kg7 56. 
Ke5 Nc6+ 57. Kxd5 1-0

[Event "2020 Gustafson Memorial, S02085"]
[Site "CCLA"]
[Date "2020.10.24"]
[Round "?"]
[White "Catania, Duane"]
[Black "Hadley, Douglas R."]
[Result "0-1"]
[WhiteElo "1662"]
[BlackElo "1585"]

1. e4 c5 2. Nf3 d6 3. Bb5+ Nd7 4. c4 Nf6 5. d3 a6 6. Bxd7+ Bxd7 7. O-O e6 
8. a4 b5 9. axb5 axb5 10. Rxa8 Qxa8 11. Nc3 b4 12. Ne2 e5 13. Ng3 g6 14. 
Bg5 Bg7 15. Qc1 O-O 16. Bh6 Qa2 17. Bxg7 Kxg7 18. h3 Qb3 19. Rd1 Ra8 20. 
Rd2 Ra2 21. Qc2 Ra1+ 22. Kh2 Qxc2 23. Rxc2 Rd1 24. Rd2 Rb1 25. Ne2 Ba4 26.
 g4 h6 27. Ng3 Bd1 28. Kg2 b3 29. Ne2 Bxe2 30. Rxe2 Rc1 31. Ne1 Nd7 32. 
Nf3 Nb6 33. Nh2 Na4 34. Nf1 Rc2 35. Kf3 Rxb2 36. Rxb2 Nxb2 37. Ke2 Na4 38.
 Kd1 Nc3+ 39. Kc1 b2+ 40. Kxb2 Nd1+ 41. Kc2 Nxf2 42. Ne3 Nxh3 43. Kd2 Nf4 
44. Nd1 f6 45. Nf2 h5 46. gxh5 gxh5 47. Ke3 Kg6 48. Kf3 Kg5 49. Kg3 h4+ 
50. Kh2 Kh5 51. Kh1 h3 52. Kg1 Kg5 53. Kh1 f5 54. exf5 Kxf5 55. Kh2 Ke6 
56. Kg3 Kd7 57. Kh2 Kc6 58. Kg3 Kb6 59. Kh2 Ka5 60. Ne4 Kb4 61. Nxd6 Nxd3 
62. Kxh3 Nb2 63. Kg3 Kc3 64. Kf2 Nxc4 65. Nf5 Kd3 66. Ke1 Nb2 67. Ng3 c4 
68. Ne2 c3 69. Nc1+ Kc2 70. Na2 Nd3+ 71. Ke2 Nc1+ 0-1

[Event "2020 Gustafson Memorial, S02085"]
[Site "CCLA"]
[Date "2020.10.24"]
[Round "?"]
[White "Catania, Duane"]
[Black "Wolff, Nicholas"]
[Result "1-0"]
[WhiteElo "1662"]
[BlackElo "1540"]

1. e4 e5 2. Nf3 Nc6 3. Bc4 Bc5 4. c3 d6 5. d4 exd4 6. cxd4 Bb6 7. h3 Nf6 
8. Nc3 O-O 9. O-O h6 10. Be3 Ne7 11. Qc2 Ng6 12. e5 dxe5 13. dxe5 Nh7 14. 
Qxg6 Ba5 15. Bc5 Bxc3 16. bxc3 b5 17. Bxf8 Qxf8 18. Qc6 Bxh3 19. Bxf7+ 
Kxf7 20. gxh3 Qc8 21. e6+ Kg8 22. Rad1 Rb8 23. Qd7 Qb7 24. Qf7+ Kh8 25. 
Rd7 Rg8 26. Rfd1 Nf6 27. Ne5 Qe4 28. Ng6+ Kh7 29. Qxf6 Qxg6+ 30. Qxg6+ 
Kxg6 31. Rxc7 Re8 32. e7 Kf6 33. Rxa7 Rxe7 34. Rxe7 Kxe7 35. Rd5 1-0

[Event "2020 Gustafson Memorial, S02085"]
[Site "CCLA"]
[Date "2020.10.24"]
[Round "?"]
[White "Hadley, Douglas R."]
[Black "Schoenwald, Ira"]
[Result "1-0"]
[WhiteElo "1585"]
[BlackElo "1506"]

1. e4 d6 2. d4 Nf6 3. Nc3 Nbd7 4. f4 e5 5. Nf3 exd4 6. Qxd4 c6 7. Be3 d5 
8. e5 Ng4 9. Bg1 Bc5 10. Qd2 Bxg1 11. Rxg1 Qb6 12. Na4 Qe3+ 13. Qxe3 Nxe3 
14. Bd3 b5 15. Nc3 Nc5 16. Kd2 Nc4+ 17. Bxc4 bxc4 18. Rae1 O-O 19. Nd4 Bb7
20. g4 Rad8 21. f5 Rde8 22. h4 Ne4+ 23. Nxe4 dxe4 24. e6 c5 25. exf7+ Rxf7
26. Ne6 Rd7+ 27. Kc1 Kf7 28. Nxc5 Rde7 29. Nxb7 Rxb7 30. Re3 a5 31. Rd1 
Re5 32. Rd4 Rc7 33. Rexe4 Rxe4 34. Rxe4 Rc6 35. c3 Kf6 36. Kc2 Rc5 37. b3 
cxb3+ 38. axb3 g6 39. fxg6 hxg6 40. Ra4 Ke5 41. b4 axb4 42. Rxb4 Ke6 43. 
Rd4 Re5 44. Kd3 Re1 45. Re4+ 1-0

[Event "2020 Gustafson Memorial, S02085"]
[Site "CCLA"]
[Date "2020.10.24"]
[Round "?"]
[White "Hadley, Douglas R."]
[Black "Catania, Duane"]
[Result "0-1"]
[WhiteElo "1585"]
[BlackElo "1662"]

1. e4 e6 2. d4 d5 3. e5 c5 4. c3 Nc6 5. Nf3 Qb6 6. a3 Bd7 7. b4 cxd4 8. 
cxd4 Nge7 9. Nc3 Nf5 10. Na4 Qd8 11. Bb2 b6 12. Rc1 Be7 13. Bd3 Nh6 14. 
O-O O-O 15. Nd2 f5 16. f4 Qe8 17. Rf3 Nxd4 18. Bxd4 Bxa4 19. Bc2 Bxc2 20. 
Rxc2 Rc8 21. Rfc3 Rxc3 22. Rxc3 Qb5 23. Nf3 a5 24. bxa5 bxa5 25. Qd3 Qxd3 
26. Rxd3 Nf7 27. Bb6 a4 28. Nd4 Rb8 29. Ba5 Bc5 30. Kf1 Bxd4 31. Rxd4 g5 
32. g3 Rb3 33. Rxa4 gxf4 34. gxf4 Nh6 35. Be1 Ng4 36. h4 Ne3+ 37. Ke2 Nc4 
38. Bb4 Rh3 39. Be7 Kf7 40. Ra7 Kg6 41. a4 Kh5 42. Bg5 d4 43. Rxh7+ Kg4 
44. Rd7 Re3+ 45. Kd1 d3 46. Rd4 Re4 47. Rd7 d2 48. a5 Re1+ 49. Kc2 Rc1+ 
50. Kb3 Nxa5+ 51. Kb4 d1=Q 52. Rxd1 Rxd1 53. Kxa5 Rd4 54. Kb5 Rxf4 55. 
Bxf4 Kxf4 56. h5 Kxe5 57. Kc5 Kf6 58. Kd4 Kg5 59. Ke5 Kxh5 0-1

[Event "2020 Gustafson Memorial, S02085"]
[Site "CCLA"]
[Date "2020.10.24"]
[Round "?"]
[White "Hadley, Douglas R."]
[Black "Wolff, Nicholas"]
[Result "0-1"]
[WhiteElo "1585"]
[BlackElo "1540"]

1. e4 e5 2. Nf3 Nc6 3. Bb5 f5 4. Nc3 fxe4 5. Nxe4 d5 6. Nxe5 dxe4 7. Nxc6 
Qg5 8. Qe2 Nf6 9. f4 Qxf4 10. d4 Qh4+ 11. g3 Qh3 12. Ne5+ c6 13. Bc4 Be6 
14. Bg5 O-O-O 15. O-O-O Bd6 16. Nf7 Bxf7 17. Bxf7 Rhf8 18. Bc4 Qf5 19. 
Bxf6 gxf6 20. Rhf1 Qg5+ 21. Kb1 Rde8 22. a3 f5 23. Rde1 c5 24. c3 Rf6 25. 
Bd5 cxd4 26. Qc4+ Kb8 27. Qxd4 Be5 28. Qe3 Qg6 29. Ka2 Rb6 30. Re2 h5 31. 
Rg2 h4 32. Rfg1 Rd8 33. gxh4 Qd6 34. c4 Bxh2 35. Rh1 Bf4 36. Qh3 Qe5 37. 
h5 Bh6 38. Rb1 f4 39. Rg6 Rxg6 40. hxg6 Bg7 41. Qc3 Qc7 42. Qc2 Rxd5 0-1

[Event "2020 Gustafson Memorial, S02085"]
[Site "CCLA"]
[Date "2020.10.24"]
[Round "?"]
[White "Wolff, Nicholas"]
[Black "Schoenwald, Ira"]
[Result "1-0"]
[WhiteElo "1540"]
[BlackElo "1506"]

1. e4 g6 2. d4 Bg7 3. f4 d6 4. Bc4 c6 5. Bb3 d5 6. e5 h5 7. Nf3 Nh6 8. O-O
O-O 9. c4 dxc4 10. Bxc4 b5 11. Bb3 Nf5 12. Ng5 Nxd4 13. Nc3 Qb6 14. Be3 c5
15. Nd5 Qd8 16. Bxd4 cxd4 17. Rc1 Na6 18. Rc6 e6 19. Rd6 Qe8 20. Rxa6 Bxa6
21. Nc7 Qc6 22. Nxa8 Bb7 23. Rf2 Rd8 24. Rc2 Qe8 25. Nc7 Qe7 26. Nxb5 Bxe5
27. Nxf7 Qxf7 28. fxe5 Ba6 29. Nc7 Bc8 30. Rc6 Qf4 31. Nxe6 Qe3+ 32. Kh1 
Bxe6 33. Rxe6 Kf8 34. Qf1+ Kg7 35. Qf6+ 1-0

[Event "2020 Gustafson Memorial, S02085"]
[Site "CCLA"]
[Date "2020.10.24"]
[Round "?"]
[White "Wolff, Nicholas"]
[Black "Catania, Duane"]
[Result "0-1"]
[WhiteElo "1540"]
[BlackElo "1662"]

1. e4 e6 2. f4 d5 3. exd5 exd5 4. Nf3 Nf6 5. d4 Bd6 6. c4 O-O 7. Be2 c6 8.
 O-O Nbd7 9. Nc3 Re8 10. Ne5 Nf8 11. cxd5 Nxd5 12. Qb3 Ne6 13. Rd1 Nxd4 
14. Rxd4 Bc5 15. Qc4 Bxd4+ 16. Qxd4 Qe7 17. Nxd5 cxd5 18. Bb5 Rd8 19. Bd2 
Bf5 20. Bb4 Qf6 21. Bc3 Qb6 22. Qxb6 axb6 23. Bd4 Rd6 24. g4 Be4 25. Nd7 
Rc8 26. Nxb6 Rc2 27. Bf1 Rdc6 28. Na4 R6c4 29. Bxc4 Rxc4 30. Bxg7 Kxg7 31.
 Nc3 Bf3 32. h3 d4 33. Nd1 Be2 34. Kf2 Rc2 35. Ke1 d3 36. g5 Bf3 0-1

[Event "2020 Gustafson Memorial, S02085"]
[Site "CCLA"]
[Date "2020.10.24"]
[Round "?"]
[White "Wolff, Nicholas"]
[Black "Hadley, Douglas R."]
[Result "0-1"]
[WhiteElo "1540"]
[BlackElo "1585"]

1. e4 e5 2. Nf3 Nf6 3. Bc4 Nxe4 4. Nc3 Nxc3 5. dxc3 f6 6. O-O Nc6 7. Re1 
d6 8. Qd5 Qe7 9. Nd4 Nxd4 10. cxd4 c6 11. Qa5 Qd8 12. Qxd8+ Kxd8 13. d5 
Bf5 14. Bb3 Rc8 15. c4 cxd5 16. cxd5 Kc7 17. f4 Be7 18. Be3 Kb8 19. h3 Rc7
20. g4 Bd7 21. Rac1 Rhc8 22. Rxc7 Rxc7 23. Rd1 h5 24. fxe5 fxe5 25. gxh5 
Bxh3 26. Rf1 Bxf1 27. Kxf1 Bh4 28. Kg2 Rf7 29. Bc2 Rc7 30. Bg6 Rc8 31. Kh3
Be7 32. Kg4 Rf8 33. h6 gxh6 34. Bxh6 Rf2 0-1

[Event "2020 Gustafson Memorial, S02086"]
[Site "CCLA"]
[Date "2020.10.24"]
[Round "?"]
[White "Greco, Tom"]
[Black "Wright, Jason"]
[Result "0-1"]
[WhiteElo "1719"]
[BlackElo "1653"]

1. e4 d5 2. exd5 Qxd5 3. Nc3 Qd8 4. d4 Nf6 5. Nf3 Bg4 6. h3 Bxf3 7. Qxf3 
c6 8. Be3 e6 9. O-O-O Bb4 10. Ne4 O-O 11. Nxf6+ Qxf6 12. Qxf6 gxf6 13. Bh6
Rd8 14. Be2 Nd7 15. Rd3 Bf8 16. Rg3+ Kh8 17. Bxf8 Rxf8 18. Rd1 Nb6 19. Bh5
Nd5 20. Rb3 b5 21. Rg3 f5 22. Re1 Nf4 23. Bd1 Rg8 24. Rxg8+ Rxg8 25. g3 
Nxh3 26. Bf3 Nxf2 27. Bxc6 Rxg3 28. Bxb5 h5 29. Bc6 Kg7 30. Kd2 h4 31. Re2
Ng4 32. c4 f4 33. Re1 h3 34. Rf1 h2 35. Rxf4 Rg1 36. c5 f5 37. b4 Ra1 38. 
Kc3 Rxa2 39. Rf1 Ra3+ 40. Kd2 Rg3 41. Bf3 Rxf3 0-1

[Event "2020 Gustafson Memorial, S02086"]
[Site "CCLA"]
[Date "2020.10.24"]
[Round "?"]
[White "Greco, Tom"]
[Black "Ishler, Mark P."]
[Result "1-0"]
[WhiteElo "1719"]
[BlackElo "1661"]

1. e4 c5 2. Nf3 e6 3. b3 b6 4. Bb2 Bb7 5. e5 Nc6 6. Na3 Nge7 7. Nc4 Nf5 8.
 c3 b5 9. Na3 a6 10. c4 b4 11. Nc2 g6 12. d4 cxd4 13. Ncxd4 Ncxd4 14. Nxd4
Qg5 15. Bc1 Qh4 16. Nf3 Qe4+ 17. Be2 Bc5 18. Qd3 Qxd3 19. Bxd3 Bxf3 20. 
gxf3 Bd4 21. Rb1 Bxe5 22. Bb2 Bxb2 23. Rxb2 Nd4 24. Be4 Rd8 25. Rd2 Nc6 
26. Bxc6 dxc6 27. Rxd8+ Kxd8 28. Ke2 Kc7 29. Rd1 Rd8 30. Rxd8 Kxd8 31. Ke3
Kd7 32. Kd4 Kd6 33. c5+ Kd7 34. f4 Ke7 35. Ke5 f6+ 36. Kd4 h6 37. h4 g5 
38. fxg5 fxg5 39. hxg5 hxg5 40. Ke5 g4 41. Kf4 Kf6 42. Kxg4 Ke5 43. Kg5 
Ke4 44. f4 a5 45. Kf6 Kd5 46. Ke7 e5 47. f5 e4 48. f6 e3 49. f7 e2 50. 
f8=Q e1=Q+ 51. Kd7 Qe6+ 52. Kc7 Kd4 53. Kb6 Kc3 54. Qg7+ Kc2 55. Qg2+ Kb1 
56. Qxc6 Qg4 57. Qb5 1-0

[Event "2020 Gustafson Memorial, S02086"]
[Site "CCLA"]
[Date "2020.10.24"]
[Round "?"]
[White "Greco, Tom"]
[Black "Gunning, Edward E."]
[Result "1-0"]
[WhiteElo "1719"]
[BlackElo "1469"]

1. e4 c5 2. Nf3 e6 3. b3 Nf6 4. e5 Nd5 5. Bb2 b6 6. Bd3 Bb7 7. Be4 Bc6 8. 
Bxd5 Bxd5 9. Nc3 g6 10. Nxd5 exd5 11. e6 f6 12. exd7+ Nxd7 13. O-O d4 14. 
Re1+ Kf7 15. Qe2 Qe7 16. Qc4+ Kg7 17. Rxe7+ 1-0

[Event "2020 Gustafson Memorial, S02086"]
[Site "CCLA"]
[Date "2020.10.24"]
[Round "?"]
[White "Wright, Jason"]
[Black "Greco, Tom"]
[Result "0-1"]
[WhiteElo "1653"]
[BlackElo "1719"]

1. e4 e5 2. Nf3 Nc6 3. Nc3 Nf6 4. d4 exd4 5. Nxd4 Bc5 6. Be3 Bb6 7. Qd2 
O-O 8. O-O-O Re8 9. f3 d5 10. exd5 Nxd5 11. Bg5 f6 12. Bc4 Nxd4 13. Bxd5+ 
Be6 14. Bxe6+ Rxe6 15. Bh4 Rd6 16. Qe1 Qd7 17. Bg3 Re6 18. Qd2 Rd8 19. Kb1
c5 20. Rhe1 Rxe1 21. Bxe1 Qe7 22. Qd3 Bc7 23. Bg3 Bxg3 24. hxg3 Re8 25. 
Qc4+ Kf8 26. Ne4 b6 27. g4 Nc6 28. Nc3 Rd8 29. Rxd8+ Nxd8 30. Qf1 Qe6 31. 
Qd1 Nc6 32. a3 Nd4 33. Ne4 a5 34. Qd3 Nc6 {White forfeits} 0-1

[Event "2020 Gustafson Memorial, S02086"]
[Site "CCLA"]
[Date "2020.10.24"]
[Round "?"]
[White "Wright, Jason"]
[Black "Ishler, Mark P."]
[Result "1-0"]
[WhiteElo "1653"]
[BlackElo "1661"]

1. e4 c5 2. Nf3 d6 3. Bb5+ Bd7 4. Bxd7+ Qxd7 5. c4 Nc6 6. Nc3 g6 7. d4 
cxd4 8. Nxd4 Bg7 9. Be3 Nf6 10. f3 O-O 11. O-O Rfc8 12. Nde2 Ne5 13. b3 
Qd8 14. Nf4 Qa5 15. Qd2 Nc6 16. Rac1 Nd7 17. Nfe2 a6 18. a4 Nc5 19. Rb1 
Bxc3 20. Nxc3 Rab8 21. b4 Nxb4 22. Nd5 Nxd5 23. Qxa5 Nxe3 24. Rfc1 Nd3 25.
 Rc3 Nxc4 26. Qd5 Nf4 27. Qxc4 Rxc4 28. Rxc4 Ne6 29. Rbc1 Nc5 30. Rb1 e5 
31. a5 Kf8 32. Rb6 Ke7 33. Rcb4 Rc8 34. Rc4 Rc7 35. g4 Kd7 36. Kg2 Ne6 37.
 Rxc7+ Kxc7 38. h4 Nd8 39. Rb1 Nc6 40. Ra1 Kd7 41. g5 Nd4 42. Kf2 Nb3 43. 
Ra3 Nd4 44. Ra2 Kc6 45. Rb2 Nb5 46. f4 Nd4 47. fxe5 dxe5 48. Rb6+ Kc7 49. 
Rf6 Ne6 50. Rxf7+ Kc6 51. Rxh7 Kb5 52. Re7 Nf4 53. Rxe5+ 1-0

[Event "2020 Gustafson Memorial, S02086"]
[Site "CCLA"]
[Date "2020.10.24"]
[Round "?"]
[White "Wright, Jason"]
[Black "Gunning, Edward E."]
[Result "1-0"]
[WhiteElo "1653"]
[BlackElo "1469"]

1. e4 c5 2. Nf3 e6 3. c3 Nf6 4. e5 Nh5 5. d4 b6 6. g4 Bb7 7. gxh5 Nc6 8. 
dxc5 Bxc5 9. Bf4 O-O 10. Nbd2 d5 11. Bb5 f6 12. Bxc6 Bxc6 13. Qe2 f5 14. 
O-O-O b5 15. Nb3 Qb6 16. Nxc5 Qxc5 17. Rhg1 Kh8 18. Nd4 Bd7 19. Qe3 Rf7 
20. Nb3 Qc7 21. Qc5 Qd8 22. h6 Qh4 23. hxg7+ Rxg7 24. Rxg7 Qxf4+ 25. Kb1 
Qe4+ 26. Ka1 Kxg7 27. Qe7+ Kh8 28. Qxd7 Qxe5 29. Nd4 Qxh2 30. Nxe6 Rg8 31.
 Qxd5 h6 32. a4 bxa4 33. Qd4+ Kh7 34. Qxa7+ Kg6 35. Qd4 Kf7 36. Qd5 Kf6 
37. Nd4 Re8 38. Qxf5+ Kg7 39. Ne6+ Kh8 40. Qf6+ 1-0

[Event "2020 Gustafson Memorial, S02086"]
[Site "CCLA"]
[Date "2020.10.24"]
[Round "?"]
[White "Ishler, Mark P."]
[Black "Greco, Tom"]
[Result "1/2-1/2"]
[WhiteElo "1661"]
[BlackElo "1719"]

1. e4 e5 2. Nf3 Nc6 3. Bb5 Nf6 4. O-O Nxe4 5. d4 Nd6 6. Bxc6 dxc6 7. dxe5 
Nf5 8. Qxd8+ Kxd8 9. Nc3 Ke8 10. h3 Be7 11. Bf4 Be6 12. Ng5 Bc4 13. Rfd1 
h6 14. Nge4 g5 15. Bh2 Rd8 16. Rxd8+ Kxd8 17. Rd1+ Kc8 18. g4 Nh4 19. Bg3 
Ng6 20. b3 Be6 21. Ne2 Rd8 22. Rxd8+ Kxd8 23. c4 b6 24. Nd4 Bd7 25. Nf5 
Bf8 26. Nf6 Bxf5 27. gxf5 Ne7 28. Nh7 Ke8 29. Nxf8 Kxf8 30. f6 Ng6 31. Kg2
Ke8 32. Kf3 Kd7 33. Ke4 Ke6 34. Kd4 c5+ 35. Ke4 c6 36. f4 gxf4 37. Bxf4 h5
38. Bg3 Nf8 39. Kf4 Nd7 40. Ke4 b5 41. cxb5 cxb5 42. Bf2 a6 43. Bg3 Nb6 
1/2-1/2

[Event "2020 Gustafson Memorial, S02086"]
[Site "CCLA"]
[Date "2020.10.24"]
[Round "?"]
[White "Ishler, Mark P."]
[Black "Wright, Jason"]
[Result "1-0"]
[WhiteElo "1661"]
[BlackElo "1653"]

1. e4 d5 2. exd5 Qxd5 3. Nc3 Qd8 4. d4 Nf6 5. Bc4 a6 6. Nf3 b5 7. Bd3 Bb7 
8. Qe2 e6 9. Bg5 Be7 10. Bxf6 Bxf6 11. Be4 c6 12. O-O Nd7 13. d5 cxd5 14. 
Bxd5 Bxd5 15. Nxd5 Bxb2 16. Rad1 O-O 17. Ne3 Bf6 18. Ng4 Qe7 19. Nxf6+ 
Nxf6 20. Rd3 Nd5 21. Rxd5 1-0